000 00596nam a22002172 4500
001 0000003944
005 20151217145745.0
008 070517s xx 000 0 eng d
020 _cKES 660
040 _aKABU
_cKABU
050 0 _aQA76
_b.D97 1996
100 1 _aDyson, Peter.
_@0000154217
245 1 4 _aThe PC users pocket dictionary /
_cPeter Dysons.
250 _a2nd ed.
260 _aNew Delhi :
_bBPB,
_c1996.
300 _a643 p.
650 0 _aMicrocomputers
_vDictionaries.
_@0000154218
908 _a070517
950 _@1
999 _c2323
_d2323